[Event "Oberfranken-ch"]
[Site "Schney"]
[Date "2020.01.03"]
[Round "1"]
[White "Schuepferling, Andreas"]
[Black "Martin, Christian William"]
[Result "1-0"]
[WhiteElo "1941"]
[BlackElo "1139"]
[PlyCount "59"]
[EventDate "2020.01.03"]
[EventType "swiss"]
[EventRounds "7"]
[EventCountry "GER"]
[SourceTitle "CBM 194 Extra"]
[Source "ChessBase"]
[SourceDate "2020.03.31"]
[SourceVersion "1"]
[SourceVersionDate "2020.03.31"]
[SourceQuality "1"]

1. e4 d5 2. exd5 Qxd5 3. Nc3 Qa5 4. d4 Nf6 5. Bd2 c6 6. Nf3 Bf5 7. Be2 Qc7 8. Nh4 Bg6 9. Bf3 e6 10. g3 Nbd7 11. 0-0 0-0-0 12. Rc1 Be7 13. Be3 Nb6 14. Qe2 Nfd5 15. Nxg6 hxg6 16. Nxd5 exd5 17. Bg2 Nc4 18. b3 Nxe3 19. Qxe3 Rh5 20. Rce1 Re8 21. Qf3 f5 22. Re6 Rh6 23. Rxg6 Rxg6 24. Qxf5+ Re6 25. Qxe6+ Kd8 26. Re1 Rf8 27. Bh3 Bf6 28. c3 b5 29. a3 c5 30. Qxd5+ 1-0